000 00292nam a22001337a 4500
008 181001b xxu||||| |||| 00| 0 eng d
020 _a9780814251799
041 _aeng
080 _211th
_a371
100 _a25
101 _aEDU
245 _aLanguage files
_cMihalicek,V
942 _2udc
_cBK
999 _c48731
_d48731